000 00217nam a22000857a 4500
008 170527b xxu||||| |||| 00| 0 eng d
100 _93144
_aDobson. J
245 _aThe Strong Willed Child
260 _aNew York
_bTyndak
_c1978
999 _c6434
_d6434